000 00324 a2200157 4500
001 73320
020 _a8576780186
040 _cAnchieta - Colégio São Paulo
100 _aReame, Eliane
240 1 0 _aMatemática
_lpor
245 1 0 _aMatemática
300 _a
362 0 _a2005
650 4 _aMatemática
942 _cBK
999 _c73320
_d73320